[Event "e2e4 Dublin Easter Masters"]
[Site "Dublin IRL"]
[Date "2012.04.05"]
[Round "1"]
[White "Fitzsimons, David"]
[Black "Healy, John"]
[Result "1-0"]
[WhiteElo "2257"]
[BlackElo "1840"]
[WhiteFideId "2501961"]
[BlackFideId "2500965"]
[EventDate "2012.04.05"]

1. e4 a6 2. d4 b5 3. Nf3 Bb7 4. Bd3 e6 5. O-O d6 6. a4 Nd7 7. Qe2 c6 8. Nbd2
Ngf6 9. e5 Nd5 10. Ne4 dxe5 11. dxe5 Nc5 12. Bg5 Qc7 13. c4 Nb4 14. Nxc5 Bxc5
15. axb5 Nxd3 16. Qxd3 cxb5 17. cxb5 O-O 18. bxa6 Bxf3 19. Qxf3 Qxe5 20. Be3
Bxe3 21. Qxe3 Qxb2 22. a7 Qb7 23. Rfb1 Qd7 24. h3 g6 25. Qb6 Rfd8 26. Rc1 Qd5
27. Rc7 e5 28. Rb7 Qd4 29. Rb1 Kg7 30. Qxd4 Rxd4 31. Rc1 Rdd8 32. Rcc7 Rf8 33.
g4 h5 34. g5 Kg8 35. Kg2 Kg7 36. Kf3 Kg8 37. Ke4 Kg7 38. Kxe5 Rfe8+ 39. Re7 1-0

[Event "e2e4 Dublin Easter Masters"]
[Site "Dublin IRL"]
[Date "2012.04.05"]
[Round "1"]
[White "O'Donnell, Conor"]
[Black "Redmond, John P."]
[Result "1/2-1/2"]
[WhiteElo "1804"]
[BlackElo "2246"]
[WhiteFideId "2504243"]
[BlackFideId "2500051"]
[EventDate "2012.04.05"]

1. e4 e6 2. Nf3 d5 3. Nc3 Nc6 4. e5 b6 5. d4 Bb7 6. Bd3 Qd7 7. Qe2 Nb4 8. Bb5
Bc6 9. Bxc6 Nxc6 10. O-O Nge7 11. Nd1 a5 12. b3 Qc8 13. Ba3 Qa6 14. Qxa6 Rxa6
15. c3 f6 16. Re1 Kf7 17. Nb2 Ng6 18. Bxf8 Rxf8 19. Nd3 a4 20. b4 Na7 21. Rac1
b5 22. Kf1 Re8 23. Ke2 Nc8 24. g3 Nb6 25. Kd1 Raa8 26. Rc2 Nc4 27. Rce2 Re7 28.
Kc1 Rae8 29. Kd1 Kg8 30. Nd2 f5 31. f4 Nf8 32. Nxc4 dxc4 33. Nf2 Nd7 34. Kc2 Nb6
35. a3 g6 36. Rd1 Rg7 37. h4 Nd5 38. Nh3 h6 39. Rg1 Kf7 40. Kd2 Ke7 41. Reg2
Reg8 42. Rh1 Kf8 43. Rhg1 Ne7 44. Ke3 Nc6 45. Ke2 Nd8 46. Ke3 c6 47. Ke2 Nf7 48.
Kf3 Ke7 49. Rh1 Rh8 50. Rgh2 Rgh7 51. Kg2 Kf8 52. Ng1 Rg7 53. Nf3 Rhg8 54. Rg1
g5 55. hxg5 hxg5 56. Nxg5 Nxg5 57. fxg5 Rxg5 58. Kf3 R5g6 59. Rh7 R8g7 1/2-1/2

[Event "e2e4 Dublin Easter Masters"]
[Site "Dublin IRL"]
[Date "2012.04.05"]
[Round "1"]
[White "Bjerke, Silje"]
[Black "Roneid, Heidi"]
[Result "1-0"]
[WhiteTitle "WIM"]
[WhiteElo "2238"]
[BlackElo "1689"]
[WhiteFideId "1502786"]
[BlackFideId "1514431"]
[EventDate "2012.04.05"]

1. e4 e5 2. Nf3 Nc6 3. Bc4 Nf6 4. d3 Be7 5. O-O O-O 6. Re1 d6 7. c3 Bg4 8. h3
Bh5 9. Nbd2 Qd7 10. a4 Rad8 11. Nf1 h6 12. Ng3 Bg6 13. Bb3 Rfe8 14. Nh4 Bh7 15.
Nhf5 Bf8 16. Qf3 Bxf5 17. Nxf5 Ne7 18. Nxh6+ gxh6 19. Qxf6 d5 20. Bxh6 Bxh6 21.
Qxh6 c6 22. Re3 Qd6 23. Rg3+ Ng6 24. h4 Qf8 25. Qg5 Kh7 26. Qf5 Kh6 27. Re1 Nf4
28. exd5 Qe7 29. Rg4 Nxd5 30. d4 Qf6 31. Qd3 exd4 32. Rxe8 Rxe8 33. Qd2+ Kh5 34.
Rg5+ Kxh4 35. g3+ Kh3 36. Rh5+ Kg4 37. Bd1+ 1-0

[Event "e2e4 Dublin Easter Masters"]
[Site "Dublin IRL"]
[Date "2012.04.05"]
[Round "1"]
[White "Kalaiyalahan, Akshaya"]
[Black "Bomans, Arno"]
[Result "0-1"]
[WhiteElo "1640"]
[BlackElo "2228"]
[WhiteFideId "422894"]
[BlackFideId "206024"]
[EventDate "2012.04.05"]

1. e4 c6 2. d4 d5 3. Nc3 dxe4 4. Nxe4 Nf6 5. Nxf6+ gxf6 6. Nf3 h5 7. Bf4 Nd7 8.
Qd2 Nb6 9. c4 Bf5 10. h3 Qd7 11. O-O-O h4 12. Bd3 Bxd3 13. Qxd3 e6 14. Kb1 O-O-O
15. Qc3 e5 16. Be3 Bd6 17. Qc2 e4 18. Nd2 f5 19. c5 Nd5 20. cxd6 f4 21. Bxf4
Nxf4 22. Qxe4 Qxd6 23. Nc4 Qg6 24. Qxg6 fxg6 25. Ne3 Rhe8 26. Rd2 Re4 27. Rhd1
Nd5 28. Nxd5 Rxd5 29. f3 Re3 30. Rd3 Re6 31. R3d2 Kd7 32. Kc2 Ke7 33. Kd3 Kf6
34. Kc3 Kf5 35. Rd3 Kf4 36. R3d2 Re3+ 37. Kc2 g5 38. Kb1 Re7 39. Kc2 a5 40. Kc3
Re3+ 41. Kc2 Kg3 42. Rf1 b5 43. Rfd1 b4 44. Kc1 a4 45. Kb1 b3 46. a3 c5 47. Kc1
c4 48. Kb1 Rd3 49. Kc1 R5xd4 50. Rxd3 Rxd3 51. Rxd3 cxd3 52. Kd2 Kxg2 53. Kxd3
Kxf3 54. Kc4 Kg3 55. Kb4 Kxh3 56. Kxa4 Kg4 57. Kxb3 h3 58. a4 h2 59. a5 h1=Q 0-1

[Event "e2e4 Dublin Easter Masters"]
[Site "Dublin IRL"]
[Date "2012.04.06"]
[Round "2"]
[White "Ernst, Sipke"]
[Black "Daly, Colm"]
[Result "1-0"]
[WhiteTitle "GM"]
[BlackTitle "FM"]
[WhiteElo "2578"]
[BlackElo "2285"]
[WhiteFideId "1004689"]
[BlackFideId "2500434"]
[EventDate "2012.04.05"]

1. d4 d5 2. c4 e6 3. Nf3 c5 4. e3 Nf6 5. Nc3 Nc6 6. a3 a6 7. h3 h6 8. Bd3 Be7 9.
O-O O-O 10. dxc5 dxc4 11. Bxc4 Bxc5 12. b4 Bd6 13. Bb2 b5 14. Bd3 Bb7 15. Ne4
Nxe4 16. Bxe4 Qe7 17. Rc1 Rac8 18. Rc3 Rfd8 19. Qe2 Nb8 20. Rxc8 Rxc8 21. Bb1
Nd7 22. Rd1 Nf8 23. Ne5 f6 24. Ng4 Rd8 25. f4 f5 26. Nf2 Bb8 27. Bd4 e5 28. Bc5
Rxd1+ 29. Qxd1 Qf6 30. Ba2+ Kh7 31. Qb3 exf4 32. Bd4 Be5 33. Qg8+ Kg6 34. Bxe5
Qxe5 35. Qf7+ Kh7 36. Qg8+ Kg6 37. Qf7+ Kh7 38. Qg8+ Kg6 39. Bf7+ Kf6 40. Qxf8
fxe3 41. Nd3 e2 42. Qd8+ Qe7 43. Qxe7+ Kxe7 44. Bh5 Bd5 45. Bxe2 Bc4 46. Kf2 Kd6
47. Nc5 Bxe2 48. Kxe2 1-0

[Event "e2e4 Dublin Easter Masters"]
[Site "Dublin IRL"]
[Date "2012.04.06"]
[Round "2"]
[White "Rudd, Jack"]
[Black "Gormally, Daniel W"]
[Result "1/2-1/2"]
[WhiteTitle "IM"]
[BlackTitle "GM"]
[WhiteElo "2303"]
[BlackElo "2520"]
[WhiteFideId "405736"]
[BlackFideId "406465"]
[EventDate "2012.04.05"]

1. e4 c5 2. Nf3 d6 3. d4 cxd4 4. Nxd4 Nf6 5. Nc3 a6 6. Be3 Ng4 7. Bc1 Nf6 8. f3
Qb6 9. Nb3 e6 10. Bf4 Nbd7 11. Qd2 Be7 12. O-O-O Ne5 13. Be2 Qc7 14. g4 b5 15.
g5 Nh5 16. Be3 g6 17. Qd4 O-O 18. f4 Nc4 19. Bxh5 gxh5 20. f5 b4 21. Ne2 Bd7 22.
Rhg1 e5 23. Qd3 Bb5 24. g6 Na3 25. gxf7+ Kh8 26. Bh6 Rxf7 27. Qd2 Nc4 28. Qd5
Rc8 29. Qxf7 Bg5+ 30. Rxg5 Qxf7 31. Rdg1 Rc7 32. R5g3 Bc6 33. f6 Rc8 34. Bg7+
Kg8 35. Bh6+ 1/2-1/2

[Event "e2e4 Dublin Easter Masters"]
[Site "Dublin IRL"]
[Date "2012.04.06"]
[Round "2"]
[White "Hebden, Mark L"]
[Black "Longson, Alexander"]
[Result "1/2-1/2"]
[WhiteTitle "GM"]
[WhiteElo "2514"]
[BlackElo "2267"]
[WhiteFideId "400084"]
[BlackFideId "408093"]
[EventDate "2012.04.05"]

1. d4 d5 2. Nf3 Nf6 3. c4 e6 4. Bg5 h6 5. Bxf6 Qxf6 6. Nc3 c6 7. Qb3 a5 8. a3 a4
9. Qa2 Nd7 10. Rd1 g6 11. e4 dxe4 12. Nxe4 Qf4 13. Qb1 Bg7 14. Be2 O-O 15. O-O
b6 16. Qc2 c5 17. d5 Nf6 18. Nc3 exd5 19. cxd5 Bf5 20. Qd2 Qd6 21. Nb5 Qd8 22.
d6 Ne4 23. Qf4 Ng5 24. Nc7 Ra7 25. Ne5 Qf6 26. Nc4 Ne6 27. Qg3 Nxc7 28. dxc7 Qc6
29. Rd6 Qxc7 30. Rxb6 Qxg3 31. hxg3 Re8 32. Ne3 Be6 33. Re1 Bb3 34. Bb5 Ree7 35.
Re2 Bd4 36. Kf1 Rab7 37. Rxb7 Rxb7 38. Bc4 Bxe3 39. Bxb3 Bd4 40. Bxa4 Rxb2 41.
Bd1 Rxe2 42. Bxe2 c4 43. Bxc4 Kf8 44. g4 Ke7 45. a4 Bb6 46. Ke2 f6 47. f4 g5 48.
g3 Ba5 49. f5 Kd6 50. Bf7 Kc5 51. Be8 Bc7 52. Kd3 Ba5 53. Ke4 1/2-1/2

[Event "e2e4 Dublin Easter Masters"]
[Site "Dublin IRL"]
[Date "2012.04.06"]
[Round "2"]
[White "Romero Holmes, Alfonso"]
[Black "Fitzsimons, David"]
[Result "1-0"]
[WhiteTitle "GM"]
[WhiteElo "2501"]
[BlackElo "2257"]
[WhiteFideId "2200066"]
[BlackFideId "2501961"]
[EventDate "2012.04.05"]

1. e4 e6 2. d4 d5 3. Bd3 dxe4 4. Bxe4 Nf6 5. Bf3 c5 6. Ne2 Nc6 7. Be3 e5 8.
Bxc6+ bxc6 9. dxe5 Qxd1+ 10. Kxd1 Ng4 11. Nd2 Be6 12. Nf4 Nxe3+ 13. fxe3 Bg4+
14. Ke1 g5 15. Nd3 O-O-O 16. Nc4 Be6 17. b3 Bg7 18. Ke2 Kc7 19. Raf1 Rhf8 20.
Rf2 Rd5 21. Rhf1 Rfd8 22. Kd2 Kb8 23. Nd6 Bxe5 24. Nxf7 Bxf7 25. Rxf7 Bxh2 26.
Rxh7 Bc7 27. Rff7 Bb6 28. Re7 c4 29. bxc4 Ra5 30. Ke2 Ka8 31. c5 Bxc5 32. Re5
Bb6 33. Rxa5 Bxa5 34. Rg7 Re8 35. Rxg5 Bb6 36. Re5 Rg8 37. Kf3 Rf8+ 38. Nf4 Rd8
39. g4 1-0

[Event "e2e4 Dublin Easter Masters"]
[Site "Dublin IRL"]
[Date "2012.04.06"]
[Round "2"]
[White "Firstov, Juri"]
[Black "Valeanu, Eduard-Andrei"]
[Result "1/2-1/2"]
[WhiteElo "2264"]
[BlackElo "2461"]
[WhiteFideId "4501233"]
[BlackFideId "1212168"]
[EventDate "2012.04.05"]

1. c4 e5 2. g3 Nf6 3. Bg2 Nc6 4. Nc3 Bb4 5. e4 O-O 6. Nge2 d6 7. d3 a5 8. O-O
Bc5 9. h3 Nd4 10. Kh2 c6 11. f4 h6 12. Nxd4 Bxd4 13. Qe2 Re8 14. Be3 Bxe3 15.
Qxe3 Qe7 16. Rad1 Nd7 17. Rf2 f6 18. Bf3 Nc5 19. Bh5 Rd8 20. Qf3 Be6 21. Bg4 Rd7
22. d4 Bxg4 23. Qxg4 exd4 24. Rxd4 Rad8 25. Rfd2 Qe6 26. Qxe6+ Nxe6 27. R4d3 Nc5
28. Rd4 Kf7 29. Kg2 Ne6 30. R4d3 Nc5 31. Rd4 1/2-1/2

[Event "e2e4 Dublin Easter Masters"]
[Site "Dublin IRL"]
[Date "2012.04.06"]
[Round "2"]
[White "Bomans, Arno"]
[Black "Collins, Sam E."]
[Result "0-1"]
[BlackTitle "IM"]
[WhiteElo "2228"]
[BlackElo "2439"]
[WhiteFideId "206024"]
[BlackFideId "2501198"]
[EventDate "2012.04.05"]

1. d4 Nf6 2. c4 g6 3. Nc3 d5 4. Nf3 Bg7 5. Qb3 dxc4 6. Qxc4 O-O 7. e4 Nc6 8. Be2
e5 9. d5 Nd4 10. Nxd4 exd4 11. Qxd4 c6 12. d6 Re8 13. e5 Ng4 14. f4 Nxe5 15.
fxe5 Bxe5 16. Qf2 Qxd6 17. Be3 Bxh2 18. Rxh2 Qxh2 19. O-O-O Qe5 20. Bf4 Qf6 21.
Rd6 Qe7 22. Bd3 Qe1+ 23. Qxe1 Rxe1+ 24. Kd2 Re8 25. Ne4 Kg7 26. Be3 Bf5 27. Bd4+
Kf8 28. Nf6 Red8 29. Nxh7+ Ke8 30. Bc5 Rxd6 31. Bxd6 Kd7 32. Bf4 Bxd3 33. Kxd3
Ke6 34. g4 f6 35. g5 fxg5 36. Nxg5+ Kf5 37. Be3 Rd8+ 38. Ke2 b6 39. b4 Re8 40.
Nf3 Ke4 41. Nd4 Kd5 42. Kd3 Rh8 43. Ne2 Rg8 44. Bg5 Ke5 45. Nd4 Kd5 46. Ne2 Ra8
47. Be3 Ke5 48. Kc4 Ke4 49. Bg5 Rc8 50. Be7 Re8 51. Bh4 Rh8 52. Bf6 Rf8 53. Bh4
Ke3 54. Nd4 Rc8 55. Be7 Ke4 56. a4 Rc7 57. Bd8 Rc8 58. Be7 b5+ 59. Kc5 bxa4 60.
Nxc6 a3 61. b5 a2 62. Bf6 g5 63. Kb4 g4 64. Nxa7 Rf8 65. Bc3 g3 66. Nc6 g2 67.
Bd4 a1=Q 68. Bxa1 g1=Q 69. Bd4 Qb1+ 70. Kc4 Qd3+ 71. Kc5 Rf5+ 72. Be5 Rxe5+ 73.
Nxe5 Kxe5 74. Kc6 Qd5+ 75. Kb6 Kd6 76. Ka6 Qa2+ 77. Kb6 Qa4 0-1

[Event "e2e4 Dublin Easter Masters"]
[Site "Dublin IRL"]
[Date "2012.04.06"]
[Round "2"]
[White "Bae, Torstein"]
[Black "Bjerke, Silje"]
[Result "1/2-1/2"]
[WhiteTitle "IM"]
[BlackTitle "WIM"]
[WhiteElo "2413"]
[BlackElo "2238"]
[WhiteFideId "1501887"]
[BlackFideId "1502786"]
[EventDate "2012.04.05"]

1. e4 e5 2. Nf3 Nc6 3. Bb5 a6 4. Ba4 Nf6 5. O-O Be7 6. Bxc6 dxc6 7. d3 Nd7 8. b3
O-O 9. Bb2 Bd6 10. Nbd2 c5 11. Nc4 1/2-1/2

[Event "e2e4 Dublin Easter Masters"]
[Site "Dublin IRL"]
[Date "2012.04.06"]
[Round "2"]
[White "Walton, Alan J"]
[Black "Csonka, Attila Istvan"]
[Result "1-0"]
[WhiteTitle "CM"]
[BlackTitle "IM"]
[WhiteElo "2159"]
[BlackElo "2384"]
[WhiteFideId "409898"]
[BlackFideId "716529"]
[EventDate "2012.04.05"]

1. d4 Nf6 2. Bg5 Ne4 3. Bf4 d5 4. f3 Nf6 5. e4 dxe4 6. Nc3 exf3 7. Nxf3 c6 8.
Bc4 e6 9. O-O Be7 10. Qe2 O-O 11. Rad1 Nbd7 12. Kh1 Nb6 13. Bd3 Nbd5 14. Nxd5
cxd5 15. Ne5 Bd7 16. Rf3 Bc6 17. Rh3 g6 18. Bh6 Nd7 19. Bxf8 Qxf8 20. Rf1 Nxe5
21. Qxe5 Qg7 22. Qxg7+ Kxg7 23. Rxh7+ Kxh7 24. Rxf7+ Kg8 25. Rxe7 Re8 26. Rxe8+
Bxe8 27. Kg1 Kg7 28. Kf2 1-0

[Event "e2e4 Dublin Easter Masters"]
[Site "Dublin IRL"]
[Date "2012.04.06"]
[Round "2"]
[White "Brady, Stephen"]
[Black "McMahon, Daire"]
[Result "1/2-1/2"]
[WhiteTitle "FM"]
[BlackTitle "FM"]
[WhiteElo "2383"]
[BlackElo "2212"]
[WhiteFideId "2500124"]
[BlackFideId "2500477"]
[EventDate "2012.04.05"]

1. e4 e5 2. Nf3 Nc6 3. Nc3 Nf6 4. Be2 Bb4 5. Nd5 Ba5 6. c3 d6 7. Qa4 Bd7 8. Bb5
Bb6 9. Nxb6 axb6 10. Qc2 O-O 11. O-O Nb4 12. cxb4 Bxb5 13. Re1 c5 14. bxc5 bxc5
15. d3 Qe7 16. a4 Bc6 17. b4 cxb4 18. Bd2 Rfc8 19. Qb3 Nd7 20. Bxb4 Nc5 21. Bxc5
dxc5 22. Rec1 Rd8 23. Nd2 Qd7 24. Nc4 Qxd3 25. Qxd3 Rxd3 26. Nxe5 Rd4 27. Nxc6
bxc6 28. a5 Rxe4 29. Rxc5 Ra6 30. Rb1 g6 1/2-1/2

[Event "e2e4 Dublin Easter Masters"]
[Site "Dublin IRL"]
[Date "2012.04.06"]
[Round "2"]
[White "Gourlay, Iain"]
[Black "Madynski, Pawel"]
[Result "1-0"]
[WhiteTitle "FM"]
[WhiteElo "2351"]
[BlackElo "2128"]
[WhiteFideId "2401533"]
[BlackFideId "1108751"]
[EventDate "2012.04.05"]

1. Nf3 f5 2. g3 Nf6 3. Bg2 g6 4. O-O Bg7 5. c4 d6 6. d4 O-O 7. Nc3 Nc6 8. d5 Na5
9. Nd2 c5 10. Qc2 a6 11. b3 Bd7 12. Bb2 Rb8 13. Nd1 b5 14. Bc3 h6 15. e4 fxe4
16. Nxe4 Bf5 17. Qe2 b4 18. Bb2 Qd7 19. Re1 Rbe8 20. Qd2 Kh7 21. Nxf6+ exf6 22.
Ne3 Bh3 23. Bxh3 Qxh3 24. Ng2 Qd7 25. Nf4 Rxe1+ 26. Rxe1 Rf7 27. Re6 g5 28. Nh5
Nb7 29. Bxf6 Nd8 30. Qd3+ Kg8 31. Qe4 1-0

[Event "e2e4 Dublin Easter Masters"]
[Site "Dublin IRL"]
[Date "2012.04.06"]
[Round "2"]
[White "Mihajlov, Svetoslav"]
[Black "Wall, Gavin"]
[Result "0-1"]
[BlackTitle "IM"]
[WhiteElo "2093"]
[BlackElo "2330"]
[WhiteFideId "1507168"]
[BlackFideId "2501244"]
[EventDate "2012.04.05"]

1. d4 f5 2. Bg5 g6 3. Nc3 Nh6 4. h4 Nf7 5. Bf4 Bg7 6. Nf3 Nc6 7. h5 Nxd4 8. Nxd4
e5 9. Nxf5 gxf5 10. Bg3 c6 11. e4 Qb6 12. Rb1 fxe4 13. Qg4 Kf8 14. h6 Bxh6 15.
Rxh6 Nxh6 16. Qh5 Nf7 17. Bxe5 Rg8 18. Qf5 d5 19. Bd6+ Kg7 20. Be5+ Kf8 21. Bd6+
Ke8 22. Qxh7 Rh8 23. Qg6 Bd7 24. Nxe4 dxe4 25. Qxe4+ Kd8 26. Qe7+ Kc8 27. Qxf7
Re8+ 28. Be2 Qd4 29. Rd1 Qe4 30. Rd2 Qxg2 31. Rd4 Qg8 32. Qh5 Qxa2 33. Bg3 Qxb2
34. Qxe8+ Bxe8 35. Bg4+ Bd7 36. Rxd7 Qb4+ 37. c3 Qxg4 38. Rc7+ Kd8 0-1

[Event "e2e4 Dublin Easter Masters"]
[Site "Dublin IRL"]
[Date "2012.04.06"]
[Round "2"]
[White "Eggleston, David J"]
[Black "Harstad, Christian"]
[Result "1-0"]
[WhiteTitle "FM"]
[WhiteElo "2327"]
[BlackElo "2029"]
[WhiteFideId "412120"]
[BlackFideId "1504045"]
[EventDate "2012.04.05"]

1. e4 e5 2. Nf3 Nc6 3. Bc4 Nf6 4. Ng5 Bc5 5. Bxf7+ Ke7 6. Bd5 Rf8 7. O-O d6 8.
c3 Bg4 9. Qe1 h6 10. d4 exd4 11. Bxc6 bxc6 12. e5 hxg5 13. cxd4 Bb6 14. Bxg5 Kd7
15. exf6 gxf6 16. Be3 Rg8 17. Kh1 Qe8 18. f3 Bf5 19. Qd2 Qg6 20. Nc3 Rg7 21.
Rac1 Rh8 22. g4 Be6 23. d5 cxd5 24. Bxb6 axb6 25. Nxd5 Bxd5 26. Qxd5 Rgh7 27.
Qc6+ Kd8 28. Qa8+ Kd7 29. Rxc7+ Kxc7 30. Rc1+ Kd7 31. Qb7+ 1-0

[Event "e2e4 Dublin Easter Masters"]
[Site "Dublin IRL"]
[Date "2012.04.06"]
[Round "2"]
[White "Rawell, Jon Egil"]
[Black "Astaneh Lopez, Alex"]
[Result "0-1"]
[BlackTitle "IM"]
[WhiteElo "2035"]
[BlackElo "2400"]
[WhiteFideId "1510223"]
[BlackFideId "2501430"]
[EventDate "2012.04.05"]

1. e4 c5 2. Nf3 e6 3. d4 cxd4 4. Nxd4 a6 5. Nc3 Qc7 6. Bd3 Nf6 7. O-O Bc5 8. Be3
d6 9. Re1 O-O 10. a4 Nbd7 11. h3 b6 12. Nb3 Bxe3 13. Rxe3 Bb7 14. Qd2 d5 15.
exd5 Nxd5 16. Nxd5 Bxd5 17. Qb4 Rfc8 18. Qh4 Nf8 19. Nd4 Ng6 20. Qh5 Bxg2 21.
Rg3 Bb7 22. c3 Qe7 23. Re1 Rc5 24. Qd1 Rd8 25. Qb1 Rg5 26. Qc1 Rxg3+ 27. fxg3
Qd7 28. Bc2 e5 29. Nf5 Qd5 30. Be4 Qc5+ 31. Qe3 Qxe3+ 32. Rxe3 Rd1+ 33. Kf2 Bxe4
34. Rxe4 Rd2+ 35. Re2 Rd7 36. Ne3 b5 37. axb5 axb5 38. Nc2 f5 39. Na3 Rb7 40. b4
Kf7 41. Rd2 Ke6 42. Rd8 Ne7 43. Ke2 g5 44. Kd2 f4 45. gxf4 gxf4 46. Rh8 Nf5 47.
Re8+ Kd5 48. Rc8 Ke4 49. Rd8 f3 50. Nc2 Ra7 51. Kc1 Ra2 52. Rd2 Ne3 53. Nxe3
Ra1+ 54. Kc2 Kxe3 55. Rd3+ Kf4 0-1

[Event "e2e4 Dublin Easter Masters"]
[Site "Dublin IRL"]
[Date "2012.04.06"]
[Round "2"]
[White "Goossens, Hanne"]
[Black "Sowray, Peter J"]
[Result "0-1"]
[BlackTitle "FM"]
[WhiteElo "2032"]
[BlackElo "2375"]
[WhiteFideId "200468"]
[BlackFideId "400971"]
[EventDate "2012.04.05"]

1. e4 e6 2. d4 d5 3. exd5 exd5 4. Bd3 c5 5. Qe2+ Be6 6. dxc5 Bxc5 7. Nf3 Nf6 8.
O-O O-O 9. Bg5 h6 10. Bh4 Nc6 11. c3 Re8 12. Qc2 g5 13. Bg3 Ne4 14. b4 Bb6 15.
b5 Na5 16. Nd4 Rc8 17. Nxe6 Rxe6 18. Rd1 Qe7 19. Kh1 Nxg3+ 20. fxg3 Re1+ 21. Bf1
Qe3 0-1

[Event "e2e4 Dublin Easter Masters"]
[Site "Dublin IRL"]
[Date "2012.04.06"]
[Round "2"]
[White "Redmond, John P."]
[Black "Salter, David"]
[Result "1-0"]
[WhiteElo "2246"]
[BlackElo "1897"]
[WhiteFideId "2500051"]
[BlackFideId "2501988"]
[EventDate "2012.04.05"]

1. c4 e6 2. g3 f5 3. Bg2 Nf6 4. Nf3 Be7 5. O-O O-O 6. Nc3 d6 7. b4 a5 8. b5 e5
9. d3 Qe8 10. Ba3 Nbd7 11. Rc1 Qh5 12. e3 Kh8 13. Nd5 Nxd5 14. cxd5 Bd8 15. Nd2
Qxd1 16. Rfxd1 b6 17. f4 Re8 18. e4 Nc5 19. Bxc5 bxc5 20. Nc4 exf4 21. gxf4 fxe4
22. dxe4 Bg4 23. Re1 Bh4 24. Re3 Rf8 25. Rf1 Rad8 26. a4 h6 27. e5 dxe5 28. Nxe5
Bf5 29. Be4 Kh7 30. Nc6 Rd7 31. Rd1 Bxe4 32. Rxe4 Rdf7 33. d6 cxd6 34. Rxd6 Rxf4
35. Rxf4 Rxf4 36. b6 Rxa4 37. b7 Ra1+ 38. Kg2 1-0

[Event "e2e4 Dublin Easter Masters"]
[Site "Dublin IRL"]
[Date "2012.04.06"]
[Round "2"]
[White "Keogh, Eamon"]
[Black "Alfredsen, John Rune"]
[Result "1/2-1/2"]
[WhiteElo "2002"]
[BlackElo "2077"]
[WhiteFideId "2500264"]
[BlackFideId "1507184"]
[EventDate "2012.04.05"]

1. f4 f5 2. Nf3 Nf6 3. e3 g6 4. Nc3 Bg7 5. Bc4 e6 6. O-O O-O 7. d3 d5 8. Bb3 c5
9. a4 Nc6 10. Qe1 Bd7 11. Bd2 a6 12. Qh4 Na5 13. Ba2 b5 14. Ne5 b4 15. Nxd7 Nxd7
16. Qxd8 Raxd8 17. Nd1 Rb8 18. e4 c4 19. exd5 exd5 20. dxc4 dxc4 21. Ne3 Bd4 22.
Kh1 Bxe3 23. Bxe3 b3 24. cxb3 cxb3 25. Bb1 Rfe8 26. Bd4 Nc6 27. Bc3 Nc5 28. h3
Ne4 1/2-1/2

[Event "e2e4 Dublin Easter Masters"]
[Site "Dublin IRL"]
[Date "2012.04.06"]
[Round "2"]
[White "Grebstad, Kjell Borre"]
[Black "Williams, Simon K"]
[Result "0-1"]
[BlackTitle "GM"]
[WhiteElo "1987"]
[BlackElo "2506"]
[WhiteFideId "1509640"]
[BlackFideId "404454"]
[EventDate "2012.04.05"]

1. d4 e6 2. e4 d5 3. e5 c5 4. c3 Nc6 5. Nf3 Bd7 6. a3 f6 7. exf6 Nxf6 8. Bd3 c4
9. Bc2 Bd6 10. O-O Qc7 11. Bg5 O-O-O 12. Nbd2 Rdf8 13. Re1 Ng4 14. Nf1 e5 15.
dxe5 Ncxe5 16. Nxe5 Bxe5 17. Rxe5 Qxe5 18. Bh4 Qd6 19. Bg3 Qc5 20. Qd2 h5 21. h4
g5 22. Re1 gxh4 23. Bxh4 Rf7 24. Ne3 Rhf8 25. Nxg4 hxg4 26. Re5 Bc6 27. Qe2 Kb8
28. Bg6 Rg7 29. Re6 d4 30. Bg3+ Ka8 31. Re5 d3 32. Qxg4 Qd6 33. Re8+ Rxe8 34.
Bxd6 Rxg6 35. Qxg6 d2 36. Qh5 Re1+ 37. Kh2 d1=Q 38. Qxd1 Rxd1 0-1

[Event "e2e4 Dublin Easter Masters"]
[Site "Dublin IRL"]
[Date "2012.04.06"]
[Round "2"]
[White "Quinn, Mark"]
[Black "Jackson, Carl"]
[Result "1-0"]
[WhiteTitle "IM"]
[WhiteElo "2398"]
[BlackElo "1982"]
[WhiteFideId "2500450"]
[BlackFideId "2502585"]
[EventDate "2012.04.05"]

1. Nf3 c5 2. g3 Nf6 3. c4 Nc6 4. Bg2 g6 5. O-O Bg7 6. Nc3 O-O 7. d4 cxd4 8. Nxd4
Nxd4 9. Qxd4 d6 10. Qd3 Rb8 11. h3 Be6 12. Kh2 Qc8 13. Nd5 Nxd5 14. cxd5 Bd7 15.
Bg5 Bxb2 16. Rab1 Bf6 17. Bxf6 exf6 18. Rfc1 Qd8 19. Qa3 a6 20. Qxd6 Bb5 21.
Qxd8 Rfxd8 22. Rc7 Bxe2 23. Rb6 Rdc8 24. d6 Bb5 25. Rbxb7 Rxb7 26. Rxc8+ 1-0

[Event "e2e4 Dublin Easter Masters"]
[Site "Dublin IRL"]
[Date "2012.04.06"]
[Round "2"]
[White "Magee, Ronan"]
[Black "Freeman, Gordon"]
[Result "0-1"]
[WhiteElo "1948"]
[BlackElo "2157"]
[WhiteFideId "2503000"]
[BlackFideId "2501309"]
[EventDate "2012.04.05"]

1. e4 g6 2. d4 Bg7 3. Nc3 c6 4. Bc4 d6 5. Be3 Nf6 6. f3 d5 7. Be2 dxe4 8. fxe4
e5 9. dxe5 Qxd1+ 10. Rxd1 Ng4 11. Bd4 Nxe5 12. Nf3 Nbd7 13. O-O O-O 14. Rd2 Re8
15. Rfd1 Bh6 16. Nxe5 Nxe5 17. Bxe5 Be3+ 18. Kf1 Bxd2 19. Rxd2 Rxe5 20. Rd8+ Kg7
21. Bg4 f5 22. exf5 gxf5 23. Bh5 b6 24. Be2 Re7 25. Kf2 Bb7 26. Rd6 Rae8 27. Bd3
Re5 28. Rd7+ R8e7 29. Rd4 c5 30. Rf4 Be4 31. Bxe4 fxe4 32. Ke3 Rf7 33. Rg4+ Kf8
34. Nxe4 Rf1 35. Kd3 Ra1 36. a3 Rb1 37. Kc3 Re1 38. Nf2 R5e3+ 39. Nd3 R1e2 40.
Rf4+ Ke8 41. Rh4 b5 42. b3 a5 43. b4 axb4+ 44. axb4 c4 45. Rxh7 cxd3 46. cxd3
Rxg2 47. Rh8+ Kd7 48. h4 Rgg3 49. h5 Rxd3+ 0-1

[Event "e2e4 Dublin Easter Masters"]
[Site "Dublin IRL"]
[Date "2012.04.06"]
[Round "2"]
[White "Courtney, John"]
[Black "Christiansen, Johan-Sebastian"]
[Result "0-1"]
[WhiteElo "2132"]
[BlackElo "1938"]
[WhiteFideId "2502380"]
[BlackFideId "1512668"]
[EventDate "2012.04.05"]

1. d4 Nf6 2. c4 c5 3. d5 b5 4. cxb5 a6 5. bxa6 g6 6. Nc3 Bxa6 7. Nf3 Bg7 8. e4
Bxf1 9. Kxf1 d6 10. g3 Nbd7 11. Kg2 O-O 12. a4 Qa5 13. Bd2 Rfb8 14. Nb5 Qb6 15.
Qc2 Ng4 16. Bc3 Bxc3 17. Qxc3 c4 18. Nfd4 Nc5 19. Qc2 Nd3 20. Qxc4 Ngxf2 21. Qc2
Qc5 22. Qe2 Qc8 23. h3 Qd7 24. b3 e5 25. Nc6 Rxb5 26. axb5 Rxa1 27. Rxa1 Qxh3+
28. Kf3 f5 29. Rf1 fxe4+ 0-1